000 01142nam a2200349I 4500
001 74804
003 BD-RjUL
005 20211209082615.0
008 740219s1959 nyua 000 0 eng d
035 _aMITb10157397
035 _a(BD-RjUL)75022
035 _aGLIS00157397
040 _cBOS
_dMYG
_aBD-RjUL
_beng
041 _aeng
082 _223
_a543.5
_bMcE 1959
090 _b.M128
100 1 _aMcClure, Donald.
_9225672
245 1 0 _aElectronic spectra of molecules and ions in crystals./
_cDonald McClure,
260 _aNew York,
_bAcademic Press
_c[1959]
300 _a175 p.
_bdiagrs., tables.
_c22 cm.
490 1 _aSolid state reprints
500 _a"First published in Solid state physics, Volumes 8 and 9."
504 _aBibliographical footnotes.
650 0 _aSpectrum analysis.
_9225673
650 0 _aCrystals
_9225674
830 0 _aSolid state reprints.
_9225679
910 _a480939wb830726recon
942 _2ddc
_cBK
999 _c74804
_d74804